| 000 | 00411 a2200169 4500 | ||
|---|---|---|---|
| 001 | 156769 | ||
| 020 | _a9788516085469 | ||
| 040 | _cEscola São Tomás de Aquino | ||
| 100 | _aMACHADO, Ana Maria | ||
| 240 | 1 | 0 |
_aUm, dois, três, agora é sua vez _lpor |
| 245 | 1 | 0 | _aUm, dois, três, agora é sua vez |
| 300 | _a24 | ||
| 362 | 0 | _a2013 | |
| 440 | 1 | _aModerna | |
| 697 | _a*LITERATURA INFANTIL | ||
| 942 | _cBK | ||
| 999 |
_c156769 _d156769 |
||